Nombres de masculino a femenino - Estadísticas

Estadísticas generales
  • Esta prueba ha sido intentada 457 veces
  • La puntuación promedio es 33 de 35
Estadísticas de respuestas
Masculino Femenino % Correcto
Juan Juana
100%
Francisco Francisca
99%
Alejandro Alejandra
98%
Carlos Carla
98%
Daniel Daniela
98%
Manuel Manuela
98%
Mario María
98%
Adrián Adriana
97%
Antonio Antonia
97%
Bernardo Bernarda
97%
Gregorio Gregoria
97%
Rogelio Rogelia
97%
Victor Victoria
97%
Agustín Agustina
96%
Bruno Bruna
96%
Cecilio Cecilia
96%
Martín Martina
96%
Teodoro Teodora
96%
Valentín Valentina
96%
Vicente Vicenta
96%
Ángel Angela
95%
Cristiano Cristiana
95%
Federico Federica
95%
Gabriel Gabriela
95%
Leonardo Leonarda
95%
Marcelo Marcela
95%
Marcelino Marcelina
95%
Mariano Mariana
95%
Paolo Paola
95%
Patricio Patricia
95%
Alex Alexa
94%
Guillermo Guillerma
93%
Miguel Míguela
91%
Pablo Paula
85%
Jose Josefina
74%
No se encontraron pruebas coincidentes
Distribución de puntuación
Porcentaje de gente con cada puntuación
Porcentaje por número respondido
Historial de tus puntuaciones
No has intentado esta prueba.